| 000 | 00981cam a2200277u 4500 | ||
|---|---|---|---|
| 001 | 23308 | ||
| 003 | BD-RjUL | ||
| 005 | 20211209000921.0 | ||
| 008 | 140310m1899enk a 000 0 eng | ||
| 035 | _a(BD-RjUL)23373 | ||
| 040 |
_aDLC _cBD-RjUL _dBD-RjUL _beng |
||
| 041 | _aeng | ||
| 082 |
_a843.912 _bSHP 1899 |
||
| 100 | 0 |
_aShadwell, Charles Lancelot, _d1265-1321. _qCharles Lancelot Shadwell. _971823 |
|
| 245 | 0 | 4 |
_aThe Purgatory of Dante Alighieri : _bAn experiment in literal verse translation / _cCharles Lancelot Shadwell. _nPART II. _pTHE EARTHLY PARADISE. |
| 260 |
_aLondon _aNew York, _bMacmillan and co., _c1899. |
||
| 300 |
_avarious pags. : _c21 cm. |
||
| 650 |
_aEnglish literacy. _971824 |
||
| 700 | 1 |
_aPater, Walter, _d1839-1894. _964627 |
|
| 700 | 1 |
_aEarle, John, _d1824-1903. _962483 |
|
| 700 | 1 |
_aShadwell, Charles Lancelot, _d1840-1919, _etr. _971825 |
|
| 942 |
_2ddc _cBK |
||
| 999 |
_c23308 _d23308 |
||